มุมมองปกติ
มุมมองแบบ MARC
- ชุมพล เลิศรัฐการ ณอนาคราชย์
รายการ Personal Name
001 - CONTROL NUMBER
- control field: 13031
003 - CONTROL NUMBER IDENTIFIER
- control field: NALT
005 - DATE AND TIME OF LATEST TRANSACTION
- control field: 20210215094323.0
008 - FIXED-LENGTH DATA ELEMENTS
- fixed length control field: 170818|| aca||aabn | a|a d
040 ## - CATALOGING SOURCE
- Original cataloging agency: NALT
- Transcribing agency: NALT
100 0# - HEADING--PERSONAL NAME
- Personal name: ชุมพล เลิศรัฐการ ณอนาคราชย์
670 ## - SOURCE DATA FOUND
- Source citation: Work cat.: (NALT)45812: ชุมพล เลิศรัฐการ ณอนาคราชย์, สหรัฐอเมริกากับปัญหาความมั่นคงใหม่, 2548
